| 000 | 00537nam a2200181 a 4500 | ||
|---|---|---|---|
| 001 | 000035357 | ||
| 005 | 20200930074301.0 | ||
| 008 | 111027s1953 mx 000 0 spa d | ||
| 040 |
_aDO-SdBNP _bspa _cBNPHU |
||
| 082 |
_axxxx _bxxxx |
||
| 100 | 1 |
_aRulfo, Juan _917562 |
|
| 245 | 1 | 3 |
_aEl llanto en llamas / _cJuan Rulfo. |
| 260 |
_aMéxico, : _bFondo de cultura económica, _c1953. |
||
| 300 |
_a150 p. ; _c17 cm. |
||
| 490 | 1 | _aPopular | |
| 500 | _aLa biblioteca posee la decima tercera reimpresión del 1976 | ||
| 830 | 0 |
_aPopular _913374 |
|
| 999 |
_c34848 _d34848 |
||